📖 150 premiers mots "Vu de l'extérieur" Katherine Pancol - Statistiques

Statistiques générales
  • Ce quiz a Ă©tĂ© pris 9 fois
  • Le rĂ©sultat moyen est 87 sur 150
Statistiques - réponses
Mots % Correct
a
100%
Ă 
100%
ai
100%
Anita
100%
Anita,
100%
au
100%
C'
100%
ce
100%
Ce
100%
Christian
100%
d'
100%
dans
100%
de
100%
Diane
100%
Ducocher.
100%
elle
100%
est
100%
et
100%
il
100%
j'
100%
l'
100%
m'
100%
mais
100%
par
100%
Paris.
100%
qu'
100%
son
100%
la
86%
me
86%
moi
86%
n'
86%
que
86%
qui
86%
sa
86%
se
86%
en
71%
mon
71%
ne
71%
nous
71%
oĂą
71%
plus
71%
sans
71%
un
71%
une
71%
Vous
71%
ainsi
57%
amie,
57%
avons
57%
car
57%
deux
57%
étions
57%
lui
57%
ses
57%
sur
57%
bien
43%
cela
43%
dire.
43%
ni
43%
pendant
43%
peu
43%
rien
43%
tout
43%
arrive
29%
chose
29%
commun :
29%
filles
29%
gin-
29%
jeu,
29%
jeunes
29%
long
29%
meilleure
29%
Oui,
29%
rummy,
29%
savions
29%
tard,
29%
ailleurs
14%
chez
14%
cousin
14%
cousin.
14%
direz
14%
fixe, ...
14%
froid.
14%
gens
14%
habitant
14%
jouions
14%
liées
14%
lorsque
14%
moment
14%
noir
14%
œil
14%
ordre
14%
soir
14%
assassiné
0%
cadavre
0%
cartes
0%
contemplée
0%
corps
0%
Depuis,
0%
devenue
0%
emménagé
0%
guère.
0%
lâché
0%
mentionné
0%
mésaventure
0%
moquette
0%
pâle,
0%
partagent
0%
rapprocher
0%
regarder
0%
remettait
0%
ressemblons
0%
soliloquant
0%
suffit
0%
unit
0%
Aucun quiz correspondant
Distribution des résultats
% des personnes avec chaque résultat
Percentile par nombre de réponses
Votre historique - résultats
Vous n’avez pas pris ce quiz